banner

Free play: (Registro nro. 557)

000 -LEADER
fixed length control field 01289nam a2200253 a 4500
003 - CONTROL NUMBER IDENTIFIER
control field AR-BaISA
005 - DATE AND TIME OF LATEST TRANSACTION
control field 20220513191656.0
007 - PHYSICAL DESCRIPTION FIXED FIELD--GENERAL INFORMATION
fixed length control field ta
008 - FIXED-LENGTH DATA ELEMENTS--GENERAL INFORMATION
fixed length control field 190405s2018 ag ado|| |||| 00| 0 spa d
020 ## - INTERNATIONAL STANDARD BOOK NUMBER
International Standard Book Number 9789501256017
040 ## - CATALOGING SOURCE
Transcribing agency AR-BaISA
082 04 - DEWEY DECIMAL CLASSIFICATION NUMBER
Edition number 22
Classification number 700.108 N117
100 10 - MAIN ENTRY--PERSONAL NAME
9 (RLIN) 1389
Personal name Nachmanovitch, Stephen
Relator term aut.
245 10 - TITLE STATEMENT
Title Free play:
Remainder of title la improvisación en la vida y en el arte /
Statement of responsibility, etc. Stephen Nachmanovitch
250 ## - EDITION STATEMENT
Edition statement 2ª ed.
260 ## - PUBLICATION, DISTRIBUTION, ETC.
Place of publication, distribution, etc. Buenos Aires:
Name of publisher, distributor, etc. Paidós,
Date of publication, distribution, etc. 2012
300 ## - PHYSICAL DESCRIPTION
Extent 236 p.:
Other physical details il., graf., fot
490 1# - SERIES STATEMENT
Serie Entornos
Volume/sequential designation ; 1
504 ## - BIBLIOGRAPHY, ETC. NOTE
Bibliography, etc. note Bibliografía p: [229]-234
505 ## - FORMATTED CONTENTS NOTE
Title LAS FUENTES:
-- La inspiración y el fluir del tiempo --
-- El vehículo --
-- El río --
-- La musa --
-- La mente que juega --
-- Desaparecer --
-- LA OBRA:
-- El sexo y los violines --
-- La práctica --
-- El poder de los límites --
-- El poder de los errores --
-- Tocando juntos --
-- La forma que se despliega --
-- OBSTÁCULOS Y APERTURAS:
-- El fin de la infancia --
-- Círculos viciosos --
-- El espectro que juzga --
-- La entrega --
-- La paciencia --
-- La maduración --
-- LOS FRUTOS:
-- Eros y la creación --
-- La calidad --
-- El arte por la vida --
-- El camino del corazón
650 14 - SUBJECT ADDED ENTRY--TOPICAL TERM
9 (RLIN) 1391
Topical term or geographic name entry element Artes escénicas
General subdivision filosofía
830 #0 - SERIES ADDED ENTRY--UNIFORM TITLE
9 (RLIN) 1390
Uniform title Entornos
Volume/sequential designation 1
942 ## - ADDED ENTRY ELEMENTS (KOHA)
Source of classification or shelving scheme
Koha item type Libros
Existencias
Withdrawn status Lost status Source of classification or shelving scheme Damaged status Not for loan Permanent Location Current Location Date acquired Inventory number Total Checkouts Full call number Barcode Date last seen Date last checked out Copy number Price effective from Koha item type Use restrictions Total Renewals
          Biblioteca ISALUD. Dr. Néstor Rodríguez Campoamor Biblioteca ISALUD. Dr. Néstor Rodríguez Campoamor 2019-04-05 3905 1 700.108 N117 3905 2024-06-26 2024-06-07 ej. 1 2019-04-05 Libros    
      Damaged   Biblioteca ISALUD. Dr. Néstor Rodríguez Campoamor Biblioteca ISALUD. Dr. Néstor Rodríguez Campoamor 2019-04-05 3906   700.108 N117 3906 2019-04-05   ej. 2 2019-04-05 Libros Restricted Access  
          Biblioteca ISALUD. Dr. Néstor Rodríguez Campoamor Biblioteca ISALUD. Dr. Néstor Rodríguez Campoamor 2019-07-22 4018   700.108 N117 4018 2019-07-22   ej. 3 2019-07-22 Libros    
          Biblioteca ISALUD. Dr. Néstor Rodríguez Campoamor Biblioteca ISALUD. Dr. Néstor Rodríguez Campoamor 2019-07-22 4019   700.108 N117 4019 2019-07-22   ej. 4 2019-07-22 Libros    
          Biblioteca ISALUD. Dr. Néstor Rodríguez Campoamor Biblioteca ISALUD. Dr. Néstor Rodríguez Campoamor 2022-05-04 4474   700.108 N117 4474 2022-05-04   ej. 6 2022-05-04 Libros    
          Biblioteca ISALUD. Dr. Néstor Rodríguez Campoamor Biblioteca ISALUD. Dr. Néstor Rodríguez Campoamor 2022-05-04 4028 1 700.108 N117 4028 2023-03-23 2022-12-22 ej. 5 2022-05-04 Libros   1